Vzťah ekonomickej výkonnosti a príjmovej nerovnosti bakalárska práca

Enregistré dans:
Détails bibliographiques
Auteur principal: Baliak, Matúš, 1995-
Collectivité auteur: Národohospodárska fakulta EU. Katedra hospodárskej politiky
Autres auteurs: Fifeková, Elena
Format: Livre
Langue:slovaque
Publié: Bratislava 2018
Tags: Ajouter un tag
Pas de tags, Soyez le premier à ajouter un tag!

MARC

LEADER 00000nbm a2200000 4500
001 0245810
005 20181213100351.3
041 0 |a slo 
044 |a SK 
245 1 0 |a Vzťah ekonomickej výkonnosti a príjmovej nerovnosti  |b bakalárska práca  |c Matúš Baliak ; školiteľ: Elena Fifeková 
264 1 |a Bratislava  |c 2018 
300 |a 52 s. 
100 1 |a Baliak, Matúš, 1995- 
700 1 |a Fifeková, Elena 
710 2 |a Národohospodárska fakulta EU. Katedra hospodárskej politiky